Bratislava - Dúbravka Veľká Lúka - rozvojové územie

Uložené v:
Podrobná bibliografia
Hlavný autor: Gyarmati, Ágnes (Autor)
Ďalší autori: Joklová, Viera (Vedúci práce)
Médium: Rukopis Kniha
Jazyk:Slovak
Vydavateľské údaje: Bratislava 2021
Predmet:
On-line prístup:http://is.stuba.sk/zp/portal_zp.pl?podrobnosti=160035
Tagy: Pridať tag
Žiadne tagy, Buďte prvý, kto otaguje tento záznam!

MARC

LEADER 00000ntm a22000003a 4500
001 stuzp84250
003 SK-STU
005 20220221102941.5
007 ta
008 150427s2015----xo-----f-mn---000-0-slo-d
040 |a STU  |b slo 
041 0 |a slo 
100 1 |a Gyarmati, Ágnes  |u 056160  |4 aut  |U FAD Fakulta architektúry a dizajnu  |T FAD Ústav urbanizmu a územného plánovania  |X 7448  |U A6160  |Y 397  |7 7448 
242 0 1 |a Bratislava - Dúbravka Veľká Lúka - development area  |y eng 
245 1 0 |a Bratislava - Dúbravka Veľká Lúka - rozvojové územie 
260 |c 2021  |a Bratislava 
650 4 |a brownfield  |2 slo 
650 4 |a zelené mesto  |2 slo 
650 4 |a mixed use  |2 slo 
650 4 |a rozvojové územie  |2 slo 
650 4 |a integrovaná doprava  |2 slo 
650 4 |a integrated transport  |2 eng 
650 4 |a brownfield  |2 eng 
650 4 |a green infrastructure  |2 eng 
650 4 |a mixed use  |2 eng 
650 4 |a development area  |2 eng 
700 1 |a Joklová, Viera  |u 056160  |k Z1  |4 ths  |U FAD Fakulta architektúry a dizajnu  |T FAD Ústav urbanizmu a územného plánovania  |X 378  |U A6160  |Y 397  |7 A000000378 
856 4 |u http://is.stuba.sk/zp/portal_zp.pl?podrobnosti=160035  |u https://opac.crzp.sk/?fn=detailBiblioForm&sid=0C216CD716E182230C210DAAC853